000 00557nam a2200193 a 4500
005 20140311163029.0
008 091110s19uu xx 00 eng d
020 _a9789715847681
050 _aHF 6201
_b.On58 2008
100 _aOng, Flocer Lao
245 _aMerchandising for beginners :
_ba textbook /
_cFlocer Lao Ong.
260 _aQuezon City :
_bC & E Publishing, Inc,
_c2008.
300 _a144 p. :
_bill. ;
_c25 cm.
521 _aBSBA
650 _aMerchandising. 2. Accounting.
942 _cBK
_2lcc
_kLOC
999 _c39600
_d39600